مكتبة جامعة عجلون الوطنية

فهرس بحث المكتبة

ملك وشعب: المبادرات الملكية السامية 2011، المجلد السادس (Record no. 30024)

MARC details
000 -LEADER
fixed length control field 01039nam a2200205Ii 4500
003 - CONTROL NUMBER IDENTIFIER
control field JO-AjNU
008 - FIXED-LENGTH DATA ELEMENTS--GENERAL INFORMATION
fixed length control field 230605s9999||||xx |||||||||||||| ||und||
017 ## - COPYRIGHT OR LEGAL DEPOSIT NUMBER
Copyright or legal deposit number 2016/8/3630
040 ## - CATALOGING SOURCE
Original cataloging agency JO-AjNU
Language of cataloging ara
Description conventions rda
Transcribing agency JO-AjNU
041 ## - LANGUAGE CODE
Language code of text/sound track or separate title ara
050 14 - LIBRARY OF CONGRESS CALL NUMBER
Classification number DS154.56.A22 2016
100 3# - MAIN ENTRY--PERSONAL NAME
Personal name اعداد الديوان الملكي العاشمي العامر، وحدة التوثيق والارشفة - ادارة الشؤون الادارية,
Relator term author
9 (RLIN) 58856
245 00 - TITLE STATEMENT
Title ملك وشعب: المبادرات الملكية السامية 2011، المجلد السادس
264 31 - PRODUCTION, PUBLICATION, DISTRIBUTION, MANUFACTURE, AND COPYRIGHT NOTICE
Place of production, publication, distribution, manufacture عمان: الديوان الملكي العاشمي العامر، وحدة التوثيق والارشفة - ادارة الشؤون الادارية، 2016
300 ## - PHYSICAL DESCRIPTION
Extent مج6: 317ص
Other physical details يحتوي على صور توضيحية
336 ## - CONTENT TYPE
Content type term text
Content type code txt
Source rdacontent
337 ## - MEDIA TYPE
Media type term unmediated
Media type code n
Source rdamedia
338 ## - CARRIER TYPE
Carrier type term volume
Carrier type code nc
Source rdacarrier
650 #4 - SUBJECT ADDED ENTRY--TOPICAL TERM
Topical term or geographic name entry element الاردن - تاريخ - عبدالله بن الحسين الثاني - ملك وشعب
9 (RLIN) 58857
Holdings
Withdrawn status Lost status Source of classification or shelving scheme Damaged status Not for loan Home library Current library Shelving location Date acquired Total Checkouts Full call number Barcode Date last seen Price effective from Koha item type
    Library of Congress Classification     مكتبة جامعة عجلون الوطنية مكتبة جامعة عجلون الوطنية   06/06/2023   DS154.56.A22 2016 A26456 06/06/2023 06/06/2023 Reference